000 00333pab a2200145 454500
008 180718b1997 xxu||||| |||| 00| 0 eng d
100 _aMathew, N.M.
245 _aDown - but not out
260 _c1997
300 _ap.7-11
362 _aJul-Aug
650 _aHealth services
773 _aHealth for the Millions
909 _a36928
999 _c36928
_d36928